000 00625nam a2200217Ii 4500
001 18990
003 CO-ViMGA
008 241108s9999||||xx |||||||||||||| ||und||
020 _a9588156386
040 _aCO-ViMGA
_bspa
_erda
_cCO-ViMGA
041 0 _aspa
082 0 4 _a759.861 R62f
100 1 _aBenjamín Villegas Jiménez
_945183
245 1 0 _aEnrique Grau :
_bhomenaje
264 1 _aBogotá, Colombia : Villegas Editores, 2003
300 _avolumen
336 _atext
_btxt
_2rdacontent
337 _aunmediated
_bn
_2rdamedia
338 _avolume
_bnc
_2rdacarrier
940 _aidficha_siabuc: 18647. -- ficha_no_siabuc:18990
999 _c39682
_d39682